Countries With The Most Attractive Men - Statistics

General Stats
  • This quiz has been taken 31 times
  • The average score is 18 of 30
Answer Stats
Country % Correct
Spain
89%
Australia
86%
Germany
86%
Italy
86%
France
82%
Brazil
79%
Sweden
79%
Portugal
71%
Turkey
71%
Mexico
68%
South Korea
68%
Greece
64%
Argentina
61%
Colombia
61%
Denmark
61%
Egypt
61%
India
61%
Netherlands
57%
Chile
54%
Morocco
54%
Algeria
50%
South Africa
46%
Switzerland
46%
Thailand
43%
Croatia
36%
Indonesia
36%
Venezuela
36%
Serbia
29%
Lebanon
25%
Vietnam
25%
No matching quizzes found
Score Distribution
Percent of People with Each Score
Percentile by Number Answered
Your Score History
You have not taken this quiz